[Event "CAN-op"]
[Site "Kitchener CAN"]
[Date "2006.07.16"]
[Round "2"]
[White "Barron, Michael"]
[Black "Roussel-Roozmon, Thomas"]
[Result "1/2-1/2"]
[WhiteElo "2214"]
[BlackElo "2430"]
[PlyCount "122"]
[EventDate "2006.07.15"]
[EventType "swiss"]
[EventRounds "9"]
[EventCountry "CAN"]

1. e4 e5 2. Nf3 Nc6 3. Bb5 a6 4. Ba4 Nf6 5. O-O b5 6. Bb3 Bc5 7. Nxe5 Nxe5 8.
d4 Bxd4 9. Qxd4 d6 10. Qd1 O-O 11. a4 Bb7 12. f3 c5 13. Nc3 c4 14. Ba2 Qb6+ 15.
Kh1 b4 16. Ne2 d5 17. Qd4 Qxd4 18. Nxd4 dxe4 19. f4 Nc6 20. Nxc6 Bxc6 21. Bxc4
Bd5 22. Be2 Rac8 23. Bd1 Rfe8 24. Re1 Bb7 25. Be3 Nd5 26. Kg1 a5 27. Kf2 f5 28.
Rc1 Red8 29. Be2 Kf7 30. Red1 Ke7 31. g3 g6 32. Rd2 Nxe3 33. Kxe3 Rxd2 34. Kxd2
Kd6 35. Rd1 Kc5 36. Ke3 Bd5 37. Rd4 Rc7 38. Bb5 Bc6 39. Rc4+ Kb6 40. Bxc6 Rxc6
41. Rxc6+ Kxc6 42. Kd4 Kd6 43. Kc4 Ke6 44. Kd4 Kf6 45. Ke3 g5 46. h3 gxf4+ 47.
gxf4 Ke6 48. Kd4 Kd6 49. Kc4 Ke6 50. Kd4 Kf6 51. Ke3 Kg6 52. Kf2 Kh5 53. Kg3 h6
54. Kf2 Kh4 55. Kg2 Kh5 56. Kf2 Kg6 57. Ke3 Kf6 58. Kd4 Ke6 59. Kc4 h5 60. h4
Kd6 61. Kd4 Ke6 1/2-1/2

[Event "CAN-op"]
[Site "Kitchener CAN"]
[Date "2006.07.17"]
[Round "3"]
[White "Roussel-Roozmon, Thomas"]
[Black "Kulic, Sasa"]
[Result "1-0"]
[WhiteElo "2430"]
[BlackElo "2192"]
[PlyCount "95"]
[EventDate "2006.07.15"]
[EventType "swiss"]
[EventRounds "9"]
[EventCountry "CAN"]

1. Nf3 c5 2. c4 Nf6 3. Nc3 Nc6 4. g3 g6 5. Bg2 Bg7 6. d4 cxd4 7. Nxd4 O-O 8.
O-O Nxd4 9. Qxd4 d6 10. Qd3 a6 11. Bd2 Rb8 12. a4 Nd7 13. Qc2 Ne5 14. b3 Nc6
15. Rac1 Bf5 16. e4 Bg4 17. h3 Nd4 18. Qd3 Bd7 19. Rb1 b5 20. cxb5 axb5 21. Be3
e5 22. Bxd4 exd4 23. Nxb5 Bxb5 24. axb5 Qd7 25. Rfc1 Rxb5 26. Bf1 Rfb8 27. Qf3
R5b7 28. h4 Qe7 29. Bc4 Qf6 30. Qd3 Qe7 31. Rc2 Rc7 32. Ra2 Re8 33. Re2 Qd8 34.
b4 Qc8 35. Rc2 Qg4 36. b5 Rb8 37. b6 d5 38. Bxd5 Rc3 39. Rxc3 dxc3 40. b7 Be5
41. Ra1 Qd7 42. Ra8 Qc7 43. Rxb8+ Qxb8 44. f4 Bg7 45. e5 Qc7 46. Qb5 Qb8 47.
Qc5 Bf8 48. Qxc3 1-0

[Event "CAN-op"]
[Site "Kitchener CAN"]
[Date "2006.07.18"]
[Round "4"]
[White "Stevens, Christian"]
[Black "Roussel-Roozmon, Thomas"]
[Result "1-0"]
[WhiteElo "2314"]
[BlackElo "2430"]
[PlyCount "115"]
[EventDate "2006.07.15"]
[EventType "swiss"]
[EventRounds "9"]
[EventCountry "CAN"]

1. Nf3 Nf6 2. c4 e6 3. Nc3 Bb4 4. Qc2 O-O 5. a3 Bxc3 6. Qxc3 b6 7. g3 Bb7 8.
Bg2 a5 9. b4 d6 10. Bb2 axb4 11. axb4 Rxa1+ 12. Bxa1 Nbd7 13. O-O Qe7 14. Bb2
Ra8 15. Ra1 Qd8 16. Ra3 Qb8 17. d3 e5 18. e4 Rxa3 19. Qxa3 Qa8 20. Qxa8+ Bxa8
21. Nh4 g6 22. f4 Kf8 23. fxe5 dxe5 24. Nf3 Ng4 25. Bh3 h5 26. Bxg4 hxg4 27.
Nxe5 Nxe5 28. Bxe5 c6 29. b5 cxb5 30. cxb5 f5 31. exf5 gxf5 32. Bc7 Kf7 33.
Bxb6 Bb7 34. Kf2 Ke6 35. Ke3 Bg2 36. Kd4 Bf1 37. Bc7 Bg2 38. Kc5 Bf1 39. Bf4
Bg2 40. Bc7 Bf1 41. Kd4 Bg2 42. Bb6 Bf1 43. Bc5 Bg2 44. b6 Bb7 45. Ke3 Kd5 46.
d4 Ke6 47. Kf4 Kf6 48. Bd6 Be4 49. Be5+ Ke6 50. Kg5 Ke7 51. d5 Bxd5 52. Kxf5
Be6+ 53. Kg5 Bc8 54. Kh4 Kf7 55. h3 gxh3 56. g4 Kg6 57. Kxh3 Kg5 58. Kg3 1-0

[Event "CAN-op"]
[Site "Kitchener CAN"]
[Date "2006.07.19"]
[Round "5"]
[White "Roussel-Roozmon, Thomas"]
[Black "Henry, Liam"]
[Result "1-0"]
[WhiteElo "2430"]
[BlackElo "2090"]
[PlyCount "97"]
[EventDate "2006.07.15"]
[EventType "swiss"]
[EventRounds "9"]
[EventCountry "CAN"]

1. d4 Nf6 2. c4 g6 3. Nc3 Bg7 4. e4 d6 5. Nf3 O-O 6. Be2 e5 7. O-O Nc6 8. d5
Ne7 9. b4 Nh5 10. Re1 f5 11. Ng5 Nf6 12. Bf3 Rb8 13. Qb3 h6 14. Ne6 Bxe6 15.
dxe6 Nc6 16. Nd5 Nxd5 17. cxd5 Nd4 18. Qd1 c6 19. Rb1 cxd5 20. exd5 Qe7 21. Bb2
Rfc8 22. a3 Rc4 23. Be2 Nxe2+ 24. Qxe2 Rbc8 25. Rec1 b5 26. Rxc4 Rxc4 27. Rc1
Qc7 28. Rxc4 bxc4 29. Bc3 Qc8 30. a4 Qa6 31. Qa2 Qc8 32. a5 Qe8 33. Qxc4 Qa4
34. g3 Qd1+ 35. Kg2 Qc2 36. Qc8+ Kh7 37. e7 Qe4+ 38. Kf1 Qb1+ 39. Be1 Qd3+ 40.
Kg1 Qe2 41. e8=Q Qxe1+ 42. Kg2 Qe4+ 43. Kf1 Qb1+ 44. Ke2 Qb2+ 45. Kd1 Qb3+ 46.
Qc2 Qxd5+ 47. Ke2 Qd4 48. Qb5 e4 49. Qbc4 1-0

[Event "CAN-op"]
[Site "Kitchener CAN"]
[Date "2006.07.20"]
[Round "6"]
[White "Hamilton, Robert"]
[Black "Roussel-Roozmon, Thomas"]
[Result "0-1"]
[WhiteElo "2333"]
[BlackElo "2430"]
[PlyCount "104"]
[EventDate "2006.07.15"]
[EventType "swiss"]
[EventRounds "9"]
[EventCountry "CAN"]

1. d4 Nf6 2. c4 e6 3. Nf3 Bb4+ 4. Bd2 a5 5. e3 O-O 6. Bd3 d6 7. Nc3 Qe7 8. a3
Bxc3 9. Bxc3 Nbd7 10. O-O e5 11. Nd2 b6 12. Qc2 a4 13. Qd1 c6 14. Rc1 d5 15.
Re1 dxc4 16. Bxc4 Bb7 17. Bb4 c5 18. Bc3 Bc6 19. dxc5 Nxc5 20. Bb4 Qb7 21. Bf1
Rfd8 22. Qc2 Nfe4 23. Nc4 Na6 24. Nxe5 Nxb4 25. axb4 Bd5 26. f3 Nd6 27. b5 a3
28. bxa3 Rxa3 29. e4 Be6 30. Nc6 Rda8 31. Red1 Ne8 32. f4 Bb3 33. Qd2 Bxd1 34.
Rxd1 g6 35. Bc4 Ra1 36. h4 Nf6 37. Rxa1 Rxa1+ 38. Kh2 Qa8 39. h5 gxh5 40. f5
Ng4+ 41. Kg3 Qa3+ 42. Kf4 Qf8 43. Kg3 Qa3+ 44. Kf4 Qc1 45. Qxc1 Rxc1 46. Be2
Nf6 47. Ke5 Kg7 48. Bf3 Rc5+ 49. Kd6 Rxb5 50. e5 Ng4 51. Nd4 Rxe5 52. Bxg4 Re4
0-1

[Event "CAN-op"]
[Site "Kitchener CAN"]
[Date "2006.07.21"]
[Round "7"]
[White "Roussel-Roozmon, Thomas"]
[Black "Hecht, Hans Joachim"]
[Result "1/2-1/2"]
[WhiteElo "2430"]
[BlackElo "2394"]
[PlyCount "204"]
[EventDate "2006.07.15"]
[EventType "swiss"]
[EventRounds "9"]
[EventCountry "CAN"]

1. Nf3 Nf6 2. c4 e6 3. Nc3 Bb4 4. Qc2 O-O 5. a3 Bxc3 6. Qxc3 d6 7. e3 e5 8. b4
Re8 9. Bb2 b6 10. Be2 c5 11. O-O Bb7 12. Rae1 Nbd7 13. d4 Rc8 14. dxe5 dxe5 15.
b5 Qe7 16. Nd2 Rcd8 17. f3 Nf8 18. a4 Rd6 19. Rd1 Nh5 20. f4 Rg6 21. Rf2 Qh4
22. f5 Rh6 23. Nf3 Bxf3 24. Rxf3 Nf6 25. Rh3 Ne4 26. Rxh4 Nxc3 27. Bxc3 Rxh4
28. g3 Rh6 29. Rd5 g6 30. e4 gxf5 31. exf5 Re7 32. Bxe5 f6 33. Bf4 Rxh2 34.
Kxh2 Rxe2+ 35. Kh3 Kf7 36. a5 bxa5 37. Rxc5 Nd7 38. Rc7 Ke8 39. Rxa7 Rc2 40.
Rxa5 Rxc4 41. Ra8+ Ke7 42. Be3 Re4 43. Bh6 Re5 44. g4 Rxb5 45. Rh8 Ne5 46.
Rxh7+ Nf7 47. Kg3 Rb3+ 48. Kf2 Rb2+ 49. Kg3 Ke8 50. Bf4 Kf8 51. Rh2 Rxh2 52.
Kxh2 Nd8 53. Kg3 Kf7 54. Kf3 Ke7 55. Bc1 Nf7 56. Ba3+ Ke8 57. Kg3 Ne5 58. Bb2
Nd7 59. Kf4 Ke7 60. Ke4 Nc5+ 61. Kd5 Nd7 62. Ba3+ Kf7 63. Bb2 Nb6+ 64. Kc6 Nc4
65. Bd4 Nd2 66. Kd5 Nf3 67. Ke4 Ng5+ 68. Ke3 Ke7 69. Bc3 Nf7 70. Kf4 Ng5 71.
Bb4+ Ke8 72. Be1 Ke7 73. Ke3 Nf7 74. Bg3 Nh6 75. Kf3 Nf7 76. Bf4 Kd7 77. Ke4
Kc6 78. Kf3 Kd7 79. Kg3 Ke7 80. Bc1 Kf8 81. Ba3+ Kg7 82. Bb4 Ne5 83. Bc3 Nf7
84. Kf4 Ng5 85. Be1 Nf7 86. Bh4 Nd6 87. Bg3 Nf7 88. Ke4 Kf8 89. Bf4 Ke7 90. Kd5
Kd7 91. Bc1 Ke7 92. Bd2 Kd7 93. Bf4 Nd8 94. Be3 Nf7 95. Bd4 Ke7 96. Ke4 Ng5+
97. Kf4 Nh3+ 98. Kg3 Ng5 99. Be3 Nf7 100. Kh4 Kf8 101. Kh5 Kg7 102. Bf4 Nd8
1/2-1/2

[Event "CAN-op"]
[Site "Kitchener CAN"]
[Date "2006.07.22"]
[Round "8"]
[White "Noritsyn, Nikolay"]
[Black "Roussel-Roozmon, Thomas"]
[Result "1/2-1/2"]
[WhiteElo "2354"]
[BlackElo "2430"]
[PlyCount "128"]
[EventDate "2006.07.15"]
[EventType "swiss"]
[EventRounds "9"]
[EventCountry "CAN"]

1. Nf3 Nf6 2. c4 c5 3. Nc3 Nc6 4. g3 g6 5. Bg2 Bg7 6. d4 cxd4 7. Nxd4 O-O 8.
O-O Nxd4 9. Qxd4 d6 10. Qd3 a6 11. Bg5 Re8 12. Rfd1 Qa5 13. Qd2 Be6 14. Bxf6
Bxf6 15. Nd5 Qxd2 16. Nxf6+ exf6 17. Rxd2 Bxc4 18. Bxb7 Rad8 19. e3 Re7 20. Bf3
a5 21. b3 Bb5 22. Rc1 Kf8 23. Kg2 f5 24. Rd5 Re5 25. Rxe5 dxe5 26. Rc5 e4 27.
Bxe4 fxe4 28. Rxb5 a4 29. bxa4 Rd2 30. a3 Rd3 31. Rb4 f5 32. Rb7 Rxa3 33. Ra7
Ra2 34. h3 h5 35. h4 Ra1 36. a5 Kg8 37. a6 Kf8 38. f4 Ke8 39. Kf2 Kd8 40. Ra8+
Kc7 41. a7 Kb6 42. Rg8 Rxa7 43. Rxg6+ Kc5 44. g4 hxg4 45. Rf6 Ra2+ 46. Kg3 Kc4
47. Rxf5 Kd3 48. h5 Ra1 49. Rb5 Kxe3 50. f5 Kd4 51. Kxg4 e3 52. Rb2 Rg1+ 53.
Kf4 Rf1+ 54. Kg5 Rg1+ 55. Kh6 Rf1 56. Kg6 Rg1+ 57. Kh7 Rg5 58. h6 Rxf5 59. Kg6
Rf8 60. h7 Rh8 61. Kg7 Rxh7+ 62. Kxh7 Kd3 63. Kg6 e2 64. Rxe2 Kxe2 1/2-1/2

[Event "World op"]
[Site "Philadelphia USA"]
[Date "2006.06.29"]
[Round "2"]
[White "Roussel-Roozmon, Thomas"]
[Black "Anderson, Renard"]
[Result "0-1"]
[WhiteElo "2419"]
[BlackElo "2261"]
[PlyCount "76"]
[EventDate "2006.06.28"]
[EventType "swiss"]
[EventRounds "9"]
[EventCountry "USA"]
[Source "Mark Crowther"]
[SourceDate "2006.07.03"]

1. Nf3 c5 2. c4 g6 3. e4 Bg7 4. d4 Qb6 5. Nc3 d6 6. d5 Bg4 7. Be2 Nf6 8. O-O
O-O 9. h3 Bc8 10. Qc2 Na6 11. a3 Qd8 12. Bf4 Nd7 13. Bh2 Nc7 14. Nd2 a6 15. f4
b5 16. cxb5 Nxb5 17. Nxb5 axb5 18. Bxb5 Ba6 19. Bxa6 Rxa6 20. Kh1 Qa8 21. Ra2
Nb6 22. Rf3 Rc8 23. Nc4 Nxc4 24. Qxc4 Ra4 25. Qc2 Rb8 26. Bg3 Qa6 27. e5 Rd4
28. f5 dxe5 29. Qxc5 Rd1+ 30. Kh2 Bf6 31. fxg6 hxg6 32. b4 Rc8 33. Qe3 Rcc1 34.
Bf2 Qc4 35. Rxf6 Rh1+ 36. Kg3 exf6 37. d6 Qxa2 38. d7 Rcd1 0-1

[Event "World op"]
[Site "Philadelphia USA"]
[Date "2006.06.30"]
[Round "3"]
[White "Fink, Stanley"]
[Black "Roussel-Roozmon, Thomas"]
[Result "0-1"]
[WhiteElo "2174"]
[BlackElo "2419"]
[PlyCount "58"]
[EventDate "2006.06.28"]
[EventType "swiss"]
[EventRounds "9"]
[EventCountry "USA"]
[Source "Mark Crowther"]
[SourceDate "2006.07.03"]

1. Nc3 e5 2. Nf3 Nc6 3. d4 exd4 4. Nxd4 Bc5 5. Nf5 Qf6 6. e4 Nge7 7. Ne3 O-O 8.
Be2 d6 9. O-O Ng6 10. Ned5 Qd8 11. Na4 Bd4 12. Bb5 Bb6 13. Naxb6 axb6 14. f4 f5
15. Bd3 Nce7 16. Nxe7+ Nxe7 17. Bd2 Be6 18. exf5 Bxf5 19. Bc3 Qd7 20. Rf3 d5
21. Rg3 Ng6 22. Rg5 Rad8 23. Qh5 Bxd3 24. cxd3 d4 25. f5 Nf4 26. Qg4 dxc3 27.
Qxf4 cxb2 28. Rf1 Rf6 29. Qc4+ Kh8 0-1

[Event "World op"]
[Site "Philadelphia USA"]
[Date "2006.07.01"]
[Round "4"]
[White "Roussel-Roozmon, Thomas"]
[Black "Moriuchi, T."]
[Result "1-0"]
[WhiteElo "2419"]
[BlackElo "2282"]
[PlyCount "81"]
[EventDate "2006.06.28"]
[EventType "swiss"]
[EventRounds "9"]
[EventCountry "USA"]
[Source "Mark Crowther"]
[SourceDate "2006.07.03"]

1. Nf3 Nf6 2. c4 g6 3. Nc3 Bg7 4. e4 d6 5. d4 O-O 6. Be2 c5 7. O-O Bg4 8. d5
Na6 9. h3 Bxf3 10. Bxf3 Nd7 11. Be2 Nc7 12. Be3 a6 13. a4 Ne8 14. f4 Qb6 15.
Bd2 Bd4+ 16. Kh1 Ng7 17. Bd3 f5 18. a5 Qc7 19. Qc2 Rf7 20. Ne2 Raf8 21. Rf3 b6
22. exf5 gxf5 23. axb6 Qxb6 24. Nxd4 cxd4 25. b4 Ra8 26. Ra5 Qb7 27. Be2 Nf6
28. Bd3 Qc8 29. Be1 e5 30. dxe6 Qxe6 31. Bf2 Rb8 32. Rxa6 Rxb4 33. Ra8+ Rf8 34.
Rxf8+ Kxf8 35. Bxd4 Ne4 36. Re3 Nh5 37. Kh2 Nxf4 38. Bxe4 fxe4 39. Rxe4 Qf7 40.
Be3 Ne6 41. Qd2 1-0

[Event "World op"]
[Site "Philadelphia USA"]
[Date "2006.07.02"]
[Round "5"]
[White "Molner, Mackenzie"]
[Black "Roussel-Roozmon, Thomas"]
[Result "1/2-1/2"]
[WhiteElo "2280"]
[BlackElo "2419"]
[PlyCount "46"]
[EventDate "2006.06.28"]
[EventType "swiss"]
[EventRounds "9"]
[EventCountry "USA"]
[Source "Mark Crowther"]
[SourceDate "2006.07.03"]

1. e4 e5 2. Nf3 Nc6 3. Bc4 Nf6 4. d3 Be7 5. c3 O-O 6. Nbd2 h6 7. O-O d6 8. Bb3
Na5 9. Bc2 c5 10. d4 cxd4 11. cxd4 Nc6 12. d5 Nb4 13. Bb1 a5 14. Re1 Bd7 15.
Nf1 Qc7 16. a3 Na6 17. Bd2 Rfc8 18. b4 axb4 19. axb4 Qb6 20. Bd3 Nc7 21. Be3
Qxb4 22. Rb1 Qa4 23. Rxb7 Qxd1 1/2-1/2

[Event "World op"]
[Site "Philadelphia USA"]
[Date "2006.07.03"]
[Round "6"]
[White "Roussel-Roozmon, Thomas"]
[Black "Lein, Anatoly"]
[Result "1/2-1/2"]
[WhiteElo "2419"]
[BlackElo "2325"]
[PlyCount "86"]
[EventDate "2006.06.28"]
[EventType "swiss"]
[EventRounds "9"]
[EventCountry "USA"]
[Source "Mark Crowther"]
[SourceDate "2006.07.10"]

1. Nf3 Nf6 2. c4 c5 3. Nc3 d6 4. d4 cxd4 5. Nxd4 e5 6. Nc2 Be6 7. e4 Be7 8. Be2
O-O 9. O-O Nc6 10. b3 Qb8 11. a4 a5 12. Ba3 Nd7 13. Nb5 Nc5 14. Bxc5 dxc5 15.
Bg4 Rd8 16. Qe2 Nd4 17. Nbxd4 Bxg4 18. Qxg4 cxd4 19. Rad1 Ra6 20. Rd3 Rg6 21.
Qe2 Qc8 22. Rfd1 Re8 23. Rg3 Bb4 24. Rdd3 Ree6 25. Qh5 Qc7 26. Rg5 Qe7 27. Rf5
Rh6 28. Qg5 Qxg5 29. Rxg5 Rh4 30. f3 f6 31. Rg4 Rxg4 32. fxg4 Kf7 33. Nxb4 axb4
34. Kf2 Ra6 35. Ke2 Ra5 36. Rh3 h6 37. Kd3 b6 38. Rf3 g5 39. g3 Kg7 40. h4 Kf7
41. Rf2 Kg7 42. Rh2 Rc5 43. Rc2 Kf7 1/2-1/2

[Event "World op"]
[Site "Philadelphia USA"]
[Date "2006.07.03"]
[Round "7"]
[White "MacIntyre, Paul"]
[Black "Roussel-Roozmon, Thomas"]
[Result "0-1"]
[WhiteElo "2298"]
[BlackElo "2419"]
[PlyCount "86"]
[EventDate "2006.06.28"]
[EventType "swiss"]
[EventRounds "9"]
[EventCountry "USA"]
[Source "Mark Crowther"]
[SourceDate "2006.07.10"]

1. e4 e5 2. Nf3 Nc6 3. Bb5 a6 4. Ba4 Nf6 5. O-O Nxe4 6. d4 b5 7. Bb3 d5 8. dxe5
Be6 9. Nbd2 Nc5 10. c3 d4 11. Bxe6 Nxe6 12. cxd4 Ncxd4 13. Ne4 Be7 14. a4 O-O
15. Be3 Nf5 16. Qc2 Nxe3 17. fxe3 c5 18. Rfd1 Qc7 19. Nd6 Rab8 20. axb5 axb5
21. Qf5 g6 22. Qh3 Rb6 23. Ne4 Rd8 24. Qh6 Rxd1+ 25. Rxd1 Nf8 26. Rd6 f5 27.
Nf6+ Bxf6 28. Rxf6 Rxf6 29. exf6 Qf7 30. Qh4 Qe6 31. Kf2 Qb3 32. f7+ Qxf7 33.
Qd8 Qd7 34. Qf6 Qg7 35. Qe5 Qxe5 36. Nxe5 Kg7 37. Ke2 Kf6 38. Nc6 Nd7 39. Na7
b4 40. b3 Ke6 41. Nc8 Ne5 42. Nb6 Kd6 43. Na4 c4 0-1

[Event "World op"]
[Site "Philadelphia USA"]
[Date "2006.07.04"]
[Round "8"]
[White "Roussel-Roozmon, Thomas"]
[Black "Adamson, Robby"]
[Result "1-0"]
[WhiteElo "2419"]
[BlackElo "2354"]
[PlyCount "59"]
[EventDate "2006.06.28"]
[EventType "swiss"]
[EventRounds "9"]
[EventCountry "USA"]
[Source "Mark Crowther"]
[SourceDate "2006.07.10"]

1. Nf3 c5 2. c4 g6 3. e4 Bg7 4. d4 Qa5+ 5. Nc3 d6 6. h3 Nf6 7. Bd2 cxd4 8. Nxd4
Nc6 9. Nb3 Qd8 10. Be2 Be6 11. Be3 Rc8 12. Nd2 Nd7 13. Rc1 O-O 14. O-O Nc5 15.
f3 f5 16. exf5 Bxf5 17. Nb3 Nxb3 18. Qxb3 Bd4 19. Bxd4 Nxd4 20. Qxb7 Qa5 21.
Rf2 e6 22. Qe7 Qe5 23. Qg5 Nxe2+ 24. Rxe2 Qc5+ 25. Qe3 Qxc4 26. g4 d5 27. Rd1
e5 28. Nxd5 Bc2 29. Ne7+ Kf7 30. Nxc8 1-0

[Event "Las Vegas Masters"]
[Site "Las Vegas USA"]
[Date "2006.06.10"]
[Round "1"]
[White "Roussel-Roozmon, Thomas"]
[Black "Aigner, Michael"]
[Result "1-0"]
[WhiteElo "2419"]
[BlackElo "2245"]
[PlyCount "25"]
[EventDate "2006.06.10"]
[EventType "swiss"]
[EventRounds "9"]
[EventCountry "USA"]
[Source "Mark Crowther"]
[SourceDate "2006.06.12"]

1. Nf3 f5 2. d3 Nc6 3. e4 e5 4. d4 fxe4 5. Nxe5 Nf6 6. Bc4 d5 7. Bb5 Bd7 8. c4
Bd6 9. Nxd7 Qxd7 10. Nc3 Qf5 11. cxd5 Nxd5 12. Qb3 O-O-O 13. Qxd5 1-0

[Event "Las Vegas Masters"]
[Site "Las Vegas USA"]
[Date "2006.06.10"]
[Round "2"]
[White "Mikhalevski, Victor"]
[Black "Roussel-Roozmon, Thomas"]
[Result "1-0"]
[WhiteElo "2566"]
[BlackElo "2419"]
[PlyCount "63"]
[EventDate "2006.06.10"]
[EventType "swiss"]
[EventRounds "9"]
[EventCountry "USA"]
[Source "Mark Crowther"]
[SourceDate "2006.06.12"]

1. d4 d5 2. c4 c6 3. Nf3 Nf6 4. Nc3 a6 5. c5 Nbd7 6. Bf4 g6 7. h3 Bg7 8. e3 O-O
9. Be2 Ne4 10. O-O f5 11. Rc1 Re8 12. Na4 e5 13. dxe5 Qe7 14. b4 Nxe5 15. Nb6
Rb8 16. a4 h6 17. b5 axb5 18. axb5 Ng5 19. Nd4 Bd7 20. Qa4 Ne6 21. Bxe5 Bxe5
22. Nxd7 Ra8 23. Qxa8 Rxa8 24. Nxe5 Qf6 25. bxc6 Nxd4 26. exd4 bxc6 27. Ra1 Re8
28. Rfb1 Qh4 29. Rd1 g5 30. Ra6 Rb8 31. Rxc6 Rb2 32. Ra1 1-0

[Event "Las Vegas Masters"]
[Site "Las Vegas USA"]
[Date "2006.06.11"]
[Round "3"]
[White "Roussel-Roozmon, Thomas"]
[Black "Belorusov, Mikhail"]
[Result "1-0"]
[WhiteElo "2419"]
[BlackElo "2309"]
[PlyCount "111"]
[EventDate "2006.06.10"]
[EventType "swiss"]
[EventRounds "9"]
[EventCountry "USA"]
[Source "Mark Crowther"]
[SourceDate "2006.06.12"]

1. d4 c5 2. d5 d6 3. e4 Nf6 4. Nc3 g6 5. h3 Bg7 6. Nf3 O-O 7. Be2 b5 8. Bxb5
Nxe4 9. Nxe4 Qa5+ 10. Nfd2 Qxb5 11. c4 Qa5 12. O-O Ba6 13. a3 Nd7 14. Rb1 Rab8
15. Qc2 Rb7 16. b3 Rfb8 17. Bb2 Bxb2 18. Rxb2 Qd8 19. Qc3 Qf8 20. Ra1 Qg7 21.
Qxg7+ Kxg7 22. b4 Rc7 23. b5 Bc8 24. f4 a5 25. Kf2 Nb6 26. Kf3 Bf5 27. Re1
Bxe4+ 28. Rxe4 h5 29. g3 Rh8 30. Rb1 Rb7 31. Rbe1 Nc8 32. Ke2 Re8 33. Kd3 Kf6
34. R4e2 Rd7 35. Ne4+ Kg7 36. Ng5 Kf6 37. Re3 Rh8 38. Rf1 Re8 39. Ne4+ Kg7 40.
f5 f6 41. fxg6 Rg8 42. Rf5 Kxg6 43. Ref3 Nb6 44. g4 hxg4 45. hxg4 Rdd8 46. g5
Nd7 47. gxf6 exf6 48. Rxf6+ Nxf6 49. Rxf6+ Kg7 50. Rxd6 Rxd6 51. Nxd6 Kf6 52.
Ne4+ Ke5 53. b6 Rh8 54. Nxc5 Rh3+ 55. Kc2 Kd4 56. b7 1-0

[Event "Las Vegas Masters"]
[Site "Las Vegas USA"]
[Date "2006.06.11"]
[Round "4"]
[White "Roussel-Roozmon, Thomas"]
[Black "Golod, Vitali"]
[Result "1/2-1/2"]
[WhiteElo "2419"]
[BlackElo "2571"]
[PlyCount "29"]
[EventDate "2006.06.10"]
[EventType "swiss"]
[EventRounds "9"]
[EventCountry "USA"]
[Source "Mark Crowther"]
[SourceDate "2006.06.12"]

1. Nf3 d5 2. d4 c6 3. c4 dxc4 4. e3 Be6 5. a4 Nf6 6. Na3 c5 7. Bxc4 Bxc4 8.
Nxc4 cxd4 9. Qxd4 Nc6 10. Qxd8+ Rxd8 11. Ke2 e6 12. Bd2 Ne4 13. Rhd1 Nxd2 14.
Rxd2 Rxd2+ 15. Nfxd2 1/2-1/2

[Event "Las Vegas Masters"]
[Site "Las Vegas USA"]
[Date "2006.06.12"]
[Round "6"]
[White "Friedel, Joshua"]
[Black "Roussel-Roozmon, Thomas"]
[Result "0-1"]
[WhiteElo "2465"]
[BlackElo "2419"]
[PlyCount "100"]
[EventDate "2006.06.10"]
[EventType "swiss"]
[EventRounds "9"]
[EventCountry "USA"]
[Source "Mark Crowther"]
[SourceDate "2006.06.19"]

1. e4 e5 2. Nf3 Nc6 3. Bb5 a6 4. Ba4 Nf6 5. O-O Nxe4 6. d4 b5 7. Bb3 d5 8. dxe5
Be6 9. Nbd2 Nc5 10. c3 d4 11. Bxe6 Nxe6 12. cxd4 Ncxd4 13. Ne4 Be7 14. Be3 Nf5
15. Qc2 O-O 16. Rad1 Nxe3 17. fxe3 Qc8 18. Nd4 Nxd4 19. exd4 Qe6 20. Ng3 c6 21.
Nf5 Rfe8 22. a3 Bf8 23. Rde1 Rac8 24. Qd2 Red8 25. Qf4 Rd7 26. b4 a5 27. bxa5
Ra8 28. Re3 c5 29. Rh3 Rxa5 30. Qh4 h6 31. Nxh6+ gxh6 32. Rg3+ Kh7 33. Qe4+ Kh8
34. Rf6 Qd5 35. Qxd5 Rxd5 36. Rxf7 Ra8 37. e6 Re8 38. Rg6 Rg5 39. Rxg5 hxg5 40.
d5 Kg8 41. Rb7 c4 42. Kf2 Bxa3 43. Ke3 Bc5+ 44. Ke4 b4 45. Rc7 Bd6 46. Rd7 Bf8
47. Ke5 c3 48. d6 b3 49. Rb7 Bxd6+ 50. Kxd6 c2 0-1

[Event "Las Vegas Masters"]
[Site "Las Vegas USA"]
[Date "2006.06.14"]
[Round "9"]
[White "Roussel-Roozmon, Thomas"]
[Black "Kritz, Leonid"]
[Result "0-1"]
[WhiteElo "2419"]
[BlackElo "2578"]
[PlyCount "160"]
[EventDate "2006.06.10"]
[EventType "swiss"]
[EventRounds "9"]
[EventCountry "USA"]
[Source "Mark Crowther"]
[SourceDate "2006.06.19"]

1. d4 d5 2. c4 c6 3. Nf3 Nf6 4. Nc3 a6 5. c5 Nbd7 6. Bf4 Nh5 7. Bd2 Nhf6 8. Bf4
Nh5 9. Bd2 Nhf6 10. Rc1 g6 11. h3 Bg7 12. Bf4 Ne4 13. e3 Nxc3 14. bxc3 Qa5 15.
Be2 e5 16. Bh2 Qxa2 17. Ra1 Qb2 18. O-O O-O 19. Rb1 Qa3 20. c4 exd4 21. exd4
Nf6 22. Ne5 Ne4 23. Bf3 Ng5 24. Rb3 Qa4 25. cxd5 Nxf3+ 26. Nxf3 cxd5 27. Re1
Re8 28. Be5 Bxe5 29. Rxe5 Rxe5 30. Nxe5 Qe8 31. Re3 Be6 32. Qf3 a5 33. h4 Qd8
34. Qg3 a4 35. h5 Qf6 36. Rf3 Qg7 37. hxg6 hxg6 38. Ra3 Qh6 39. Qc3 Kg7 40. Qe3
Qxe3 41. fxe3 Bf5 42. Kf2 f6 43. Nf3 g5 44. Nd2 Kf7 45. Ke2 Ke6 46. Nf3 Bg4 47.
Kf2 Bxf3 48. Kxf3 f5 49. Kg3 Kd7 50. Kf3 Ra6 51. Kf2 Ke6 52. Kf3 Kf6 53. Kg3
Kg6 54. Kf3 Kh5 55. Kg3 Ra5 56. Kf3 Kg6 57. Kg3 Kf6 58. Kf3 Ke6 59. Kg3 Kd7 60.
Kf2 Ra7 61. Kf3 Ra8 62. Kf2 Kc6 63. g4 fxg4 64. Kg3 Kb5 65. Kxg4 Re8 66. Kxg5
Kb4 67. Rd3 a3 68. Kf4 a2 69. Rd1 Kc3 70. Rg1 Re4+ 71. Kf3 Re6 72. Kf4 b5 73.
cxb6 Rxb6 74. Rc1+ Kb2 75. Re1 Ka3 76. Ra1 Rb1 77. Rxa2+ Kxa2 78. e4 dxe4 79.
Kxe4 Kb3 80. Kd5 Ra1 0-1

[Event "Mauricie op"]
[Site "Trois-Rivieres CAN"]
[Date "2006.03.17"]
[Round "1"]
[White "Bachand-Fleurent, Julien"]
[Black "Roussel-Roozmon, Thomas"]
[Result "0-1"]
[WhiteElo "2174"]
[BlackElo "2435"]
[PlyCount "52"]
[EventDate "2006.03.17"]
[EventType "swiss"]
[EventRounds "5"]
[EventCountry "CAN"]

1. e4 d5 2. exd5 Qxd5 3. d4 Nc6 4. Be3 e5 5. dxe5 Qxd1+ 6. Kxd1 Nxe5 7. h3 Be6
8. b3 O-O-O+ 9. Kc1 g6 10. f4 Nc6 11. c3 Nge7 12. Nf3 Nf5 13. Bf2 Bd5 14. Nbd2
Bg7 15. Kb2 Rhe8 16. Rc1 Ne3 17. Bxe3 Rxe3 18. Bc4 Nb4 19. Ka3 Nd3 20. Bxd3
Rxd3 21. c4 Bc6 22. Rhf1 Rxd2 23. Nxd2 Rxd2 24. Rce1 Bb2+ 25. Kb4 a5+ 26. Kxa5
Bc3+ 0-1

[Event "Mauricie op"]
[Site "Trois-Rivieres CAN"]
[Date "2006.03.18"]
[Round "2"]
[White "Roussel-Roozmon, Thomas"]
[Black "Berube, Antoine"]
[Result "1-0"]
[WhiteElo "2435"]
[BlackElo "2196"]
[PlyCount "185"]
[EventDate "2006.03.17"]
[EventType "swiss"]
[EventRounds "5"]
[EventCountry "CAN"]

1. c4 e5 2. Nc3 Nf6 3. Nf3 Nc6 4. g3 Bb4 5. Bg2 O-O 6. O-O e4 7. Ne1 Re8 8. Nc2
Bxc3 9. dxc3 d6 10. Ne3 Ng4 11. Nd5 Bf5 12. a4 a5 13. b3 h6 14. Ra2 Nf6 15. h3
Bh7 16. Kh2 Nxd5 17. cxd5 Ne5 18. Be3 Nd7 19. Rd2 b6 20. Qc2 Bg6 21. Ra1 Qe7
22. Rd4 Kh7 23. b4 Kg8 24. Qb3 Nf6 25. Rdd1 Nd7 26. Bd4 Nf8 27. Qc4 Ra7 28. Ra2
Rea8 29. Rda1 Qd7 30. Qb5 f6 31. e3 Qe7 32. Qc4 Be8 33. Qb3 Bd7 34. Qc2 Re8 35.
bxa5 Rxa5 36. c4 f5 37. Bc3 Rea8 38. Bxa5 Rxa5 39. Qc3 Bc8 40. f3 exf3 41. Bxf3
Nd7 42. Qd4 Ne5 43. Rf2 Bd7 44. Bd1 Rc5 45. Bb3 Qe8 46. Kg2 Ra5 47. Bc2 Qc8 48.
Kh2 Rc5 49. Bd3 Qe8 50. Raf1 Qh5 51. g4 Qg5 52. gxf5 Qf6 53. Ra2 Be8 54. Be2
Bd7 55. Qf4 Bc8 56. e4 Ba6 57. Rg1 Bxc4 58. Bxc4 Rxc4 59. a5 bxa5 60. Rxa5 Rc3
61. Ra8+ Kh7 62. Rg3 Rc2+ 63. Rg2 Rc3 64. Rg3 Rc2+ 65. Kh1 Rb2 66. Ra1 Rb8 67.
Rag1 Rg8 68. Rc1 Rc8 69. Rgc3 Qf7 70. Rg3 Qf6 71. Rc2 c5 72. dxc6 Rxc6 73. Rxc6
Nxc6 74. Rd3 Ne5 75. Rd1 Nf7 76. Qg4 Ne5 77. Qg3 Qe7 78. Rg1 Qb7 79. Qg2 Qf7
80. Rc1 Qe7 81. Qg3 Qb7 82. Qe3 Qf7 83. Rd1 Qe7 84. Kg2 Qf6 85. Kg3 Qe7 86. h4
Nf7 87. Qf4 Ne5 88. Kh3 Qf6 89. Rg1 Qf7 90. f6 Qxf6 91. Qxf6 gxf6 92. Rd1 Nf7
93. Kg4 1-0